000 00471nam a2200181Ia 4500
005 20250326124749.0
008 250326s9999 xx 000 0 und d
037 _aTextbook
040 _aFMSL
_beng
_cFMSL
041 _aeng
_2eng
084 _aX:89Q L91
_qFMSL
100 _aLove S F
_9737939
245 0 _aInventory control
_cLove S F
260 _aNY
_bNY, McGraw-Hill
_c1979
300 _a273p
942 _cTB
_hX:89Q L91
999 _c1275096
_d1275096